000 nam a22 7a 4500
999 _c126613
_d126613
008 170809b xxu||||| |||| 00| 0 eng d
050 _aPN1643.D488
100 _aDevant, Teresa
_934678
245 _aLiving theatre for the community
_ba practical guide
_cTeresa Devant
260 _aSweden
_bKonstnarer mot Apartheid
_c1993
300 _a56p. ;
_c25cm.
650 _aDrama and politics
_934670
942 _2lcc
_cMONOGRAPH